000 00616nam a2200193Ia 4500
001 43638
008 140425s9999 xx 000 0 und d
020 _aNA
040 _cPK-LaUMT
082 _aRHC 891.551
_bRAE-A
100 _aRaena Mushtaq
245 _aIsraar-e-khudi kaa fikri wa fanni jaaizah ([M Phil programme] (Persian)
_cRaena Mushtaq
260 _aIslamabad,Pakistan:
_bAllama Iqbal Open University,
_c2001
300 _a221 p.
500 _aReport presented in partial requirement for M Phil degree Advisor: Kalsoom Fatima
546 _aPersian
650 _aIrani literature-Persian
942 _cBK
999 _c41639
_d41639